| 000 | 00494nam a22001697a 4500 | ||
|---|---|---|---|
| 003 | OSt | ||
| 005 | 20240508115942.0 | ||
| 008 | 210707s2010 xx 000 0 und d | ||
| 040 | _cAL | ||
| 041 | _aKonkani | ||
| 082 | _a052 AK | ||
| 100 |
_aKONKANI INSTITUE _dಕೊಂಕ್ಣಿ ಸಂಸ್ಥೊ _9163740 |
||
| 245 |
_aAmar konkani _bಅಮರ್ ಕೊಂಕ್ಣಿ |
||
| 260 |
_bSt Aloysisus College _c2010 _aMangalore |
||
| 650 |
_aKonkani Miscellaneous _9163741 |
||
| 942 |
_2ddc _cBK |
||
| 999 |
_c179721 _d179721 |
||